| Record ID | ia:bibliothquedes97ecoluoft |
| Source | Internet Archive |
| Download MARC XML | https://archive.org/download/bibliothquedes97ecoluoft/bibliothquedes97ecoluoft_marc.xml |
| Download MARC binary | https://www.archive.org/download/bibliothquedes97ecoluoft/bibliothquedes97ecoluoft_meta.mrc |
LEADER: 05134cas 22010570 4500
008 660101m18771972||| | | |fre x
035 $a(Sirsi) AAB-4245
040 $aOTU$bENG
050 4 $aD5$bB4
090 8 $aD 5 .B4$bROBA$c1$dno. 1-219
245 00 $aBibliothèque des Écoles françaises d'Athènes et de Rome.
260 0 $aParis$bE. de Boccard [etc.]$c1877-1972.
300 $a219 no. in 218 v.$bill., maps (part fold., part col.) facsims., plans (part fold.)
362 00 $afasc. 1-219.
500 $aIncludes an unnumbered introductory volume published in 1876.
500 $aSome numbers in rev. editions.
500 $aSome numbers accompanied by vols. of plates.
500 $aNo. 1-147, 150-152, 154, 157-158 "publiée sous les auspices du Ministre de l'éducation nationale" (no. 1-136 "du Ministre de l'instruction publique")
500 $aAfter fasc. 219, additional vols. are listed separately under their respective authors.
650 0 $aHistory$xCollections
710 20 $aEcole française d'Athènes.
710 20 $aEcole française de Rome
948 $a07/14/1992$b09/20/1998
596 $a26
926 $aROBARTS$bSTACKS$cD5 .B4 FASC 4,9$dBOOK$f1
926 $aROBARTS$bSTACKS$cD5 .B4 FASC 14$dBOOK$f1
926 $aROBARTS$bSTACKS$cD5 .B4 FASC 137$dBOOK$f1
926 $aROBARTS$bCHECKEDOUT$cD5 .B4 FASC 187$dBOOK$e8/7/2008$f1
926 $aROBARTS$bSTACKS$cD5 .B4 FASC 205$dBOOK$f1
926 $aROBARTS$bSTACKS$cD5 .B4 FASC 174$dBOOK$f1
926 $aROBARTS$bSTACKS$cD5 .B4 FASC-199$dBOOK$f1
926 $aROBARTS$bSTACKS$cD5 .B4 FASC. 158$dPERIODICAL$f1
926 $aROBARTS$bSTACKS$cD5 .B4 FASC. 162$dPERIODICAL$f1
926 $aROBARTS$bSTACKS$cD5 .B4 FASC.-199 PLATES$dBOOK$f1
926 $aROBARTS$bSTACKS$cD5 .B4 FASC.141$dBOOK$f1
926 $aROBARTS$bSTACKS$cD5 .B4 FASC.147$dBOOK$f1
926 $aROBARTS$bSTACKS$cD5 .B4 FASC.157 PT.1$dBOOK$f1
926 $aROBARTS$bSTACKS$cD5 .B4 FASC.157 PT.2 LIV.2$dBOOK$f1
926 $aROBARTS$bSTACKS$cD5 .B4 FASC.172$dBOOK$f1
926 $aROBARTS$bSTACKS$cD5 .B4 FASC.172 PLATES$dBOOK$f1
926 $aROBARTS$bSTACKS$cD5 .B4 FASC.200$dBOOK$f1
926 $aROBARTS$bSTACKS$cD5 .B4 FASC.213PL$dBOOK$f1
926 $aROBARTS$bSTACKS$cD5 .B4 FASC.215$dBOOK$f1
926 $aROBARTS$bSTACKS$cD5 .B4 FASC.217$dBOOK$f1
926 $aROBARTS$bSTACKS$cD5 .B4 FASC218BIS$dPERIODICAL$f1
926 $aROBARTS$bSTACKS$cD5 .B4 V.88$dPERIODICAL$f1
926 $aROBARTS$bSTACKS$cD5 .B4 V.89$dPERIODICAL$f1
926 $aROBARTS$bSTACKS$cD5 .B4 V.90$dPERIODICAL$f1
926 $aROBARTS$bSTACKS$cD5 .B4 V.91$dPERIODICAL$f1
926 $aROBARTS$bSTACKS$cD5 .B4 V.92$dPERIODICAL$f1
926 $aROBARTS$bSTACKS$cD5 .B4 V.93$dPERIODICAL$f1
926 $aROBARTS$bSTACKS$cD5 .B4 V.94$dPERIODICAL$f1
926 $aROBARTS$bSTACKS$cD5 .B4 V.95$dPERIODICAL$f1
926 $aROBARTS$bSTACKS$cD5 .B4 V.96$dPERIODICAL$f1
926 $aROBARTS$bSTACKS$cD5 .B4 V.97$dPERIODICAL$f1
926 $aROBARTS$bSTACKS$cD5 .B4 V.98$dPERIODICAL$f1
926 $aROBARTS$bSTACKS$cD5 .B4 V.99$dPERIODICAL$f1
926 $aROBARTS$bSTACKS$cD5 .B4 V.100$dPERIODICAL$f1
926 $aROBARTS$bSTACKS$cD5 .B4 V.101$dPERIODICAL$f1
926 $aROBARTS$bSTACKS$cD5 .B4 V.102$dPERIODICAL$f1
926 $aROBARTS$bSTACKS$cD5 .B4 V.103$dPERIODICAL$f1
926 $aROBARTS$bSTACKS$cD5 .B4 V.104$dPERIODICAL$f1
926 $aROBARTS$bSTACKS$cD5 .B4 V.105$dPERIODICAL$f1
926 $aROBARTS$bSTACKS$cD5 .B4 V.106$dPERIODICAL$f1
926 $aROBARTS$bSTACKS$cD5 .B4 V.107$dPERIODICAL$f1
926 $aROBARTS$bSTACKS$cD5 .B4 V.108$dPERIODICAL$f1
926 $aROBARTS$bSTACKS$cD5 .B4 V.109$dPERIODICAL$f1
926 $aROBARTS$bSTACKS$cD5 .B4 V.110$dPERIODICAL$f1
926 $aROBARTS$bSTACKS$cD5 .B4 V.111$dPERIODICAL$f1
926 $aROBARTS$bSTACKS$cD5 .B4 V.112$dPERIODICAL$f1
926 $aROBARTS$bSTACKS$cD5 .B4 V.113 &114$dPERIODICAL$f1
926 $aROBARTS$bSTACKS$cD5 .B4 V.115$dPERIODICAL$f1
926 $aROBARTS$bSTACKS$cD5 .B4 V.116$dPERIODICAL$f1
926 $aROBARTS$bSTACKS$cD5 .B4 V.117$dPERIODICAL$f1
926 $aROBARTS$bSTACKS$cD5 .B4 V.118$dPERIODICAL$f1
926 $aROBARTS$bSTACKS$cD5 .B4 V.119 &120$dPERIODICAL$f1
926 $aROBARTS$bSTACKS$cD5 .B4 V.121 &122$dPERIODICAL$f1
926 $aROBARTS$bSTACKS$cD5 .B4 V.123$dPERIODICAL$f1
926 $aROBARTS$bSTACKS$cD5 .B4 V.124 -125$dPERIODICAL$f1
926 $aROBARTS$bSTACKS$cD5 .B4 V.126$dPERIODICAL$f1
926 $aROBARTS$bSTACKS$cD5 .B4 V.127$dPERIODICAL$f1
926 $aROBARTS$bSTACKS$cD5 .B4 V.128 T.1$dPERIODICAL$f1
926 $aROBARTS$bSTACKS$cD5 .B4 V.128 T.1$dPERIODICAL$f2
926 $aROBARTS$bSTACKS$cD5 .B4 V.164$dBOOK$f1
926 $aROBARTS$bSTACKS$cD5 .B4 V.166$dPERIODICAL$f1
926 $aROBARTS$bSTACKS$cD5 .B4 V.190$dPERIODICAL$f1
926 $aROBARTS$bSTACKS$cD5 .B4 V.191$dBOOK$f1
926 $aROBARTS$bSTACKS$cd 5 b4 fasc213$dBOOK$f1
927 $aROBARTS
927 $b$<hld_usmarc_852v1>$cSTACKS--
927 $b$<hld_usmarc_866v1>$cno. 1-219